Culture Générale - Série 994 - Statistiques

Statistiques générales
  • Ce quiz a été pris 204 fois
  • Le résultat moyen est 8 sur 10
Statistiques - réponses
Question Réponse % Correct
De quel pays la commedia dell'arte est-elle originaire ? Italie
99%
Qu'est-ce qui peut être de billard, de neige ou de gomme ? boule
98%
De quoi a peur une personne "hydrophobe"? eau
97%
De quel mot "keum" est-il le verlan ? mec
93%
En 1989, dans quel pays a été découvert le fossile de dinosaure baptisé : "Argentinosaurus" ? Argentine
85%
Complétez le titre de ce film des studios Disney sorti en France en 2010 : "La Princesse et la... grenouille
73%
Selon l'expression, quand on demande quelque chose avec insistance, on le réclame "à cor et... à cri
63%
Dans quelle ville est implantée l'ENA ? Strasbourg
63%
Dans quelle ville des États-Unis se déroule la célèbre course automobile des “500 miles” ? Indianapolis
62%
Quel animateur présentait "Y'a que la vérité qui compte" sur TF1, aux côtés de Pascal Bataille ? Laurent Fontaine
48%
Aucun quiz correspondant
Distribution des résultats
% des personnes avec chaque résultat
Percentile par nombre de réponses
Votre historique - résultats
Vous n’avez pas pris ce quiz